| 000 | 00526nam a2200193 a 4500 | ||
|---|---|---|---|
| 001 | 1054 | ||
| 003 | CDMR | ||
| 005 | 20131115133317.0 | ||
| 008 | 130130s2003||||||||||||||||||||||||||||d | ||
| 020 | _a8470741381 | ||
| 040 |
_aCDMR _bcat _cCDMR |
||
| 100 | 1 |
_aSantos Saínz, María _9832 |
|
| 245 | 1 | 3 |
_aEl poder de la élite periodística _cMaría Santos Saínz |
| 260 |
_aMadrid _c2003 _bFragua |
||
| 300 | _a282 p. | ||
| 650 | 0 | 4 |
_91544 _aPeriodisme _xInfluència |
| 650 | 0 | 4 |
_94130 _aPremsa i política _zFrança |
| 942 |
_cMON _2udc |
||
| 999 |
_c1054 _d1054 |
||